[Event "21st European Teams Women"]
[Site "Hersonissos GRE"]
[Date "2017.11.05"]
[Round "8.12"]
[Board "2"]
[White "Franciskovic, Borka"]
[Black "Papp, Petra"]
[Result "1/2-1/2"]
[WhiteTitle "WIM"]
[BlackTitle "WGM"]
[WhiteElo "2242"]
[BlackElo "2326"]
[WhiteTeam "Croatia"]
[BlackTeam "Hungary"]
[WhiteFideId "14507943"]
[BlackFideId "739049"]
[EventDate "2017.10.28"]

1. c4 c5 2. Nf3 Nf6 3. g3 d5 4. cxd5 Nxd5 5. Bg2 Nc6 6. Nc3 Nc7 7. O-O e5 8. a3
Rb8 9. d3 Be7 10. Nd2 Bd7 11. Nc4 f6 12. f4 b5 13. Ne3 exf4 14. Rxf4 O-O 15. Nf5
Kh8 16. Nxe7 Qxe7 17. Bd2 Nd4 18. e3 Nde6 19. Rf2 Rbd8 20. Qf1 Be8 21. Rc1 Bg6
22. Ne4 Nd5 23. Qe2 Rfe8 24. g4 a6 25. h4 b4 26. axb4 Nxb4 27. Rc3 Qd7 28. Bf1
c4 29. Rxc4 Nxd3 30. Qxd3 Qxd3 31. Bxd3 Rxd3 32. Nc5 Nxc5 33. Rxc5 Red8 34. Ba5
Re8 35. Bd2 Red8 36. Ba5 Re8 1/2-1/2

[Event "21st European Teams Women"]
[Site "Hersonissos GRE"]
[Date "2017.11.05"]
[Round "8.12"]
[Board "3"]
[White "Gara, Anita"]
[Black "Purgar, Ivona"]
[Result "1-0"]
[WhiteTitle "IM"]
[BlackTitle "WFM"]
[WhiteElo "2382"]
[BlackElo "2200"]
[WhiteTeam "Hungary"]
[BlackTeam "Croatia"]
[WhiteFideId "709751"]
[BlackFideId "14514451"]
[EventDate "2017.10.28"]

1. e4 c5 2. Nf3 Nc6 3. Bb5 e6 4. O-O Nge7 5. c3 a6 6. Ba4 b5 7. Bc2 Bb7 8. Qe2
d5 9. e5 d4 10. Be4 Qb6 11. d3 Ng6 12. h4 Be7 13. h5 Nf8 14. Bf4 Nd7 15. Nbd2 f5
16. exf6 gxf6 17. Rfe1 e5 18. cxd4 cxd4 19. Nb3 O-O 20. Bh6 Rfe8 21. Nh4 Kh8 22.
Qg4 Bf8 23. Qxd7 Re7 24. Qd6 Bxh6 25. Nf5 Rd8 26. Qxf6+ Bg7 27. Nxg7 Rxg7 28. h6 1-0

[Event "21st European Teams Women"]
[Site "Hersonissos GRE"]
[Date "2017.11.05"]
[Round "8.12"]
[Board "4"]
[White "Cvitan, Ena"]
[Black "Gara, Ticia"]
[Result "0-1"]
[WhiteTitle "FM"]
[BlackTitle "WGM"]
[WhiteElo "2165"]
[BlackElo "2317"]
[WhiteTeam "Croatia"]
[BlackTeam "Hungary"]
[WhiteFideId "14534215"]
[BlackFideId "717444"]
[EventDate "2017.10.28"]

1. d4 Nf6 2. c4 e6 3. Nc3 d5 4. cxd5 Nxd5 5. e3 c5 6. Nf3 Nc6 7. Bd3 Be7 8. O-O
Nxc3 9. bxc3 O-O 10. Qe2 b6 11. e4 Bb7 12. Rd1 cxd4 13. cxd4 Rc8 14. d5 exd5 15.
exd5 Nb4 16. Bb2 Nxd3 17. Qxd3 Bf6 18. Bxf6 Qxf6 19. Qd4 Qxd4 20. Rxd4 Rfd8 21.
d6 Bxf3 22. gxf3 Rd7 23. Re1 Kf8 24. Re2 f6 25. Kg2 Rc6 26. Red2 Kf7 27. Kg3 Rc5
28. f4 f5 29. Re2 Rc6 30. Red2 Rc1 31. Kg2 Kf6 32. Re2 Rc6 33. Red2 b5 34. Kg3
a6 35. Kf3 Rc3+ 36. Kg2 Ra3 37. Rb2 Kf7 38. Kf1 Rh3 39. Kg2 Rh6 40. Rbd2 Re6 41.
Kf3 Re1 42. a4 Rb1 43. axb5 Rxb5 44. Kg3 g6 45. Ra4 Rb6 46. Rad4 Ke8 47. Kf3 Kd8
48. Rd5 Kc8 49. Ke3 Kb7 50. R2d3 Kc6 51. R5d4 Rb5 52. Ra3 a5 53. Rda4 Ra7 54.
Rd3 Kd7 55. h4 Ra6 56. h5 gxh5 57. Rad4 Rbb6 58. Rd5 Rxd6 59. Rxf5 Rxd3+ 60.
Kxd3 a4 61. Rxh5 h6 62. Kc2 a3 63. Kb1 a2+ 64. Ka1 Ke7 65. f5 Kf7 66. Rh4 Kg7
67. Rh5 Ra4 68. Rh2 Rf4 69. Kxa2 Rxf5 70. Kb3 Rc5 71. Rh4 Kg6 72. f4 h5 73. Kb4
Rc8 74. Rh1 Rh8 75. Kc3 Kf5 76. Rh4 Ke4 77. Kd2 Kf3 78. Ke1 Kg3 79. Rh1 h4 80.
Rg1+ Kf3 81. f5 h3 82. Rf1+ Kg2 83. f6 Re8+ 0-1

[Event "21st European Teams Women"]
[Site "Hersonissos GRE"]
[Date "2017.11.05"]
[Round "8.13"]
[Board "1"]
[White "Sahl, Sheila Barth"]
[Black "Tsolakidou, Stavroula"]
[Result "0-1"]
[WhiteTitle "WIM"]
[BlackTitle "WGM"]
[WhiteElo "2180"]
[BlackElo "2340"]
[WhiteTeam "Norway"]
[BlackTeam "Greece 1"]
[WhiteFideId "1500953"]
[BlackFideId "4264312"]
[EventDate "2017.10.28"]

1. f4 d5 2. Nf3 Bg4 3. e3 Nd7 4. h3 Bxf3 5. Qxf3 c6 6. d4 e6 7. g4 f5 8. Bd3 Ne7
9. Nd2 Nf6 10. Qg2 Ne4 11. Nf3 Nc8 12. Bd2 Ncd6 13. Bb4 Qb6 14. Bxd6 Qxb2 15.
O-O Nxd6 16. gxf5 exf5 17. Qg5 Qb6 18. Bxf5 Qc7 19. Bxh7 Qe7 20. Bg6+ Kd8 21.
Kg2 Kc7 22. Qxe7+ Bxe7 23. Ng5 Rh6 24. Ne6+ Kd7 25. Nc5+ Kc7 26. f5 Nc4 27. Rae1
Bxc5 28. dxc5 Rah8 29. Rh1 Nd2 30. e4 Nxe4 31. c4 Rh4 32. Rd1 Rf4 33. cxd5 cxd5
34. Rxd5 Rf2+ 35. Kg1 Rxa2 36. Rh2 Ra1+ 37. Kg2 Kc6 38. Rd4 Ra2+ 39. Kg1 Ra1+
40. Kg2 Nxc5 41. Kg3 Ra3+ 42. Kg4 Rc3 43. h4 Nd7 44. h5 Nf6+ 45. Kh4 Kc5 46. Ra4
Rd8 47. Re2 Rdd3 48. Be8 Rh3+ 49. Kg5 Rcg3+ 50. Kf4 Nd5+ 51. Ke5 Re3+ 52. Re4
Rxe4+ 53. Rxe4 Nf6 54. Ra4 Nxe8 55. Rxa7 Nd6 56. Ra5+ Kc6 57. Ra1 Rxh5 58. Rc1+
Kd7 0-1

[Event "21st European Teams Women"]
[Site "Hersonissos GRE"]
[Date "2017.11.05"]
[Round "8.13"]
[Board "2"]
[White "Pavlidou, Ekaterini"]
[Black "Machlik, Edit"]
[Result "1/2-1/2"]
[WhiteTitle "WIM"]
[WhiteElo "2198"]
[BlackElo "2030"]
[WhiteTeam "Greece 1"]
[BlackTeam "Norway"]
[WhiteFideId "4213262"]
[BlackFideId "1513591"]
[EventDate "2017.10.28"]

1. d4 Nf6 2. c4 e6 3. Nf3 Bb4+ 4. Nbd2 b6 5. g3 Bb7 6. Bg2 O-O 7. O-O Bxd2 8.
Qxd2 d6 9. b3 Nbd7 10. Bb2 Qe7 11. Rfd1 Be4 12. Bh3 Rfd8 13. Nh4 Bb7 14. f3 d5
15. cxd5 Bxd5 16. e4 Bb7 17. Rac1 c5 18. d5 exd5 19. Nf5 Qf8 20. exd5 Bxd5 21.
Qg5 Be6 22. Rd3 Ne5 23. Bxe5 Rxd3 24. Bxf6 Bxf5 25. Bxf5 Rxf3 26. Rc4 h6 27. Qh5
Rxf5 28. Qxf5 gxf6 29. Rg4+ Kh8 30. Qxf6+ Kh7 31. Qf5+ Kh8 32. Rf4 Rd8 33. Qf6+
Kg8 34. Rg4+ Kh7 35. Qf5+ 1/2-1/2

[Event "21st European Teams Women"]
[Site "Hersonissos GRE"]
[Date "2017.11.05"]
[Round "8.13"]
[Board "3"]
[White "Kyrkjebo, Hanna B."]
[Black "Avramidou, Anastasia"]
[Result "0-1"]
[BlackTitle "FM"]
[WhiteElo "1996"]
[BlackElo "2257"]
[WhiteTeam "Norway"]
[BlackTeam "Greece 1"]
[WhiteFideId "1511599"]
[BlackFideId "4239873"]
[EventDate "2017.10.28"]

1. e4 e6 2. d4 d5 3. Nd2 Be7 4. c3 c5 5. exd5 Qxd5 6. Ngf3 Nf6 7. Bc4 Qh5 8. O-O
Nc6 9. Nb3 cxd4 10. Nbxd4 O-O 11. Qe2 Rd8 12. Nxc6 bxc6 13. Ne5 Qxe2 14. Bxe2
Bb7 15. Bf3 Nd5 16. Re1 Rab8 17. a3 c5 18. c4 Nb6 19. Be2 f6 20. Nf3 e5 21. Be3
Bxf3 22. gxf3 Na4 23. b4 cxb4 24. axb4 Bxb4 25. Bxa7 Rb7 26. Reb1 Nc3 27. Rb2
Nxe2+ 28. Rxe2 Ra8 29. Rb2 Kf7 30. Rab1 Raxa7 31. Rxb4 Rxb4 32. Rxb4 Ke6 33.
Rb6+ Kd7 34. Kg2 Rc7 35. Rb4 Kc6 36. Kg3 Kc5 37. Ra4 Rd7 38. h3 g6 39. Ra6 f5
40. Ra4 Rd6 41. h4 h5 42. Kg2 Kd4 43. Ra5 Re6 44. Ra4 Kc3 45. c5 Kb3 46. Ra8 Kc4
47. Rc8 Kd5 48. Kg3 Rc6 49. Rg8 Kxc5 50. Re8 Kd5 51. Ra8 Ke6 52. Ra5 Kf6 53. Rb5
Re6 54. Rb8 Ra6 55. Rb5 f4+ 56. Kg2 Kf5 57. Rc5 Ke6 58. Rb5 Rd6 59. Ra5 Rd5 60.
Ra6+ Kf5 61. Ra8 Rb5 62. Rf8+ Ke6 63. Ra8 Rb7 64. Ra6+ Kf5 65. Ra8 Rf7 66. Ra5
g5 67. hxg5 Rg7 68. Ra8 Rxg5+ 69. Kh3 Ke6 70. Rh8 Kd5 71. Rd8+ Kc4 72. Rd7 Rg1
73. Kh2 Re1 74. Rh7 Kd3 75. Rxh5 Ke2 76. Rxe5+ Kxf2 77. Rxe1 Kxe1 78. Kg1 Ke2
79. Kg2 Ke3 80. Kg1 Kxf3 81. Kf1 Ke3 82. Ke1 f3 83. Kf1 f2 84. Kg2 Ke2 0-1

[Event "21st European Teams Women"]
[Site "Hersonissos GRE"]
[Date "2017.11.05"]
[Round "8.13"]
[Board "4"]
[White "Markantonaki, Haritomeni"]
[Black "Rodsmoen, Maud"]
[Result "1-0"]
[WhiteTitle "WFM"]
[BlackTitle "WFM"]
[WhiteElo "2192"]
[BlackElo "1972"]
[WhiteTeam "Greece 1"]
[BlackTeam "Norway"]
[WhiteFideId "4207050"]
[BlackFideId "1510550"]
[EventDate "2017.10.28"]

1. e4 c5 2. Nf3 e6 3. d4 cxd4 4. Nxd4 Nc6 5. Nc3 Qc7 6. Be3 a6 7. Nb3 b5 8. Bd3
Bb7 9. O-O Nf6 10. f4 Nb4 11. a3 Nxd3 12. cxd3 Rc8 13. Rc1 Qb8 14. Na5 Ba8 15.
b4 Be7 16. Rf2 O-O 17. Rfc2 Rfe8 18. Qe2 e5 19. Qf3 exf4 20. Bxf4 Bd6 21. Bxd6
Qxd6 22. Nb3 Qb6+ 23. Kh1 Rcd8 24. Qg3 Re7 25. Rf1 Rde8 26. Rcf2 Kh8 27. Rf5 Qc6
28. Ne2 d6 29. Ned4 Qd7 30. Rg5 Bxe4 31. dxe4 Nxe4 32. Qf4 Nxg5 33. Qxg5 Re1 34.
Qf4 Qe7 35. h3 Rxf1+ 36. Qxf1 Kg8 37. Nf3 Qe3 38. Qd1 h6 39. Qd5 Qe2 40. Qxd6
Qa2 41. Nbd4 Qxa3 42. Nf5 Qb3 43. Ne7+ Kh8 44. Qd7 Rb8 45. Nc6 Rf8 46. Nfe5 Qb1+
47. Kh2 Qf1 48. Qg4 Qf6 49. Qg3 Re8 50. Qc3 Rc8 51. Qc5 Re8 52. Kg1 Qe6 53. Qa7
f6 54. Ng6+ Kh7 55. Nge7 Qd6 56. Qe3 Qd1+ 57. Kh2 Qd6+ 58. Kg1 Qd1+ 59. Kh2 g6
60. Qe6 Kg7 61. Nf5+ gxf5 62. Qxe8 Qd6+ 63. Kg1 Qd1+ 64. Kf2 Qc2+ 65. Kg3 Qd3+
66. Kh4 Qc4+ 67. Kh5 Qf4 68. Qg6+ Kf8 69. Qxf6+ Kg8 70. Ne7+ Kh7 71. Qg6+ Kh8
72. Qg8# 1-0

[Event "21st European Teams Women"]
[Site "Hersonissos GRE"]
[Date "2017.11.05"]
[Round "8.14"]
[Board "1"]
[White "Makka, Ioulia"]
[Black "Goossens, Hanne"]
[Result "0-1"]
[WhiteTitle "WIM"]
[BlackTitle "WFM"]
[WhiteElo "2182"]
[BlackElo "2188"]
[WhiteTeam "Greece 2"]
[BlackTeam "Belgium"]
[WhiteFideId "4205316"]
[BlackFideId "200468"]
[EventDate "2017.10.28"]

1. e4 c5 2. Nf3 d6 3. d4 cxd4 4. Nxd4 Nf6 5. Nc3 a6 6. Be2 e6 7. O-O b5 8. Bf3
Ra7 9. Qe2 Be7 10. Be3 Rd7 11. e5 dxe5 12. Nc6 Qc7 13. Nxb8 Qxb8 14. Bc6 b4 15.
Nb1 O-O 16. Bxd7 Bxd7 17. c4 Bc6 18. Nd2 Qb7 19. f3 Nh5 20. Nb3 Nf4 21. Qc2 Qc7
22. Rfd1 Rc8 23. Qf2 Bb7 24. Rac1 Rd8 25. Rxd8+ Qxd8 26. Qf1 Bg5 27. Rd1 Qf6 28.
Bxf4 Qxf4 29. Na5 Ba8 30. c5 Bd5 31. c6 Bd8 32. Qxa6 Qe3+ 33. Kh1 Qb6 34. Qxb6
Bxb6 35. Nb3 Kf8 36. Rc1 Bc7 37. Nc5 Ke7 38. Nb7 Bxa2 39. Kg1 Bd5 40. Kf2 f5 41.
Ke3 e4 42. f4 g5 43. fxg5 f4+ 44. Kf2 f3 45. gxf3 exf3 46. h4 e5 47. h5 e4 48.
h6 Bf4 49. c7 e3+ 50. Kg1 Bxb7 51. g6 f2+ 52. Kf1 Ba6+ 53. Kg2 e2 54. Kxf2 Bxc1
55. gxh7 Bxb2 56. c8=Q Bxc8 57. Kxe2 Kd6 58. Kd3 Be6 59. Kc2 Bh8 60. Kb1 b3 0-1

[Event "21st European Teams Women"]
[Site "Hersonissos GRE"]
[Date "2017.11.05"]
[Round "8.14"]
[Board "2"]
[White "Vanhuyse, Nele"]
[Black "Serefidou, Despina"]
[Result "1-0"]
[WhiteTitle "WFM"]
[WhiteElo "2061"]
[BlackElo "1965"]
[WhiteTeam "Belgium"]
[BlackTeam "Greece 2"]
[WhiteFideId "228818"]
[BlackFideId "4218787"]
[EventDate "2017.10.28"]

1. e4 e5 2. Nf3 Nc6 3. Bc4 Bc5 4. c3 Nf6 5. d3 d6 6. Bb3 O-O 7. O-O a5 8. h3 h6
9. Re1 Re8 10. Nbd2 Be6 11. Nf1 d5 12. Qe2 a4 13. Bc2 d4 14. Ng3 b5 15. a3 Bb6
16. Nh4 Ne7 17. Qf3 Nd7 18. Nh5 Kh8 19. Nf5 Nxf5 20. exf5 Bb3 21. Bxb3 axb3 22.
Qc6 Nf6 23. Nxf6 Qxf6 24. Qxf6 gxf6 25. Bxh6 Kh7 26. Bd2 Red8 27. Red1 Rd7 28.
Kf1 c5 29. cxd4 exd4 30. Rac1 Rc7 31. Re1 Ba5 32. Bxa5 Rxa5 33. Re8 c4 34. Rce1
Kh6 35. Rg8 Kh7 36. Ree8 Kh6 37. f4 Ra8 38. Rxa8 1-0

[Event "21st European Teams Women"]
[Site "Hersonissos GRE"]
[Date "2017.11.05"]
[Round "8.14"]
[Board "3"]
[White "Skaraki, Antigoni"]
[Black "Barbier, Wiebke"]
[Result "1-0"]
[WhiteElo "1992"]
[BlackElo "2013"]
[WhiteTeam "Greece 2"]
[BlackTeam "Belgium"]
[WhiteFideId "4222970"]
[BlackFideId "207977"]
[EventDate "2017.10.28"]

1. e4 d6 2. d4 Nf6 3. Nc3 e5 4. Nge2 Be7 5. g3 O-O 6. Bg2 c6 7. a4 b6 8. O-O Bb7
9. h3 Nbd7 10. Be3 a6 11. g4 b5 12. Ng3 b4 13. Nce2 Ne8 14. Qd2 exd4 15. Nxd4 c5
16. Ndf5 Ne5 17. b3 Ng6 18. Rad1 Qc7 19. Nh5 Rd8 20. Bh6 Nh4 21. Nhxg7 Nxg2 22.
Nxe7+ Qxe7 23. Nf5 Qf6 24. Bg5 Qe5 25. Bxd8 Nf4 26. f3 Nxh3+ 27. Kh1 Nf4 28. Be7
Nf6 29. Qxd6 Nxg4 30. Qxe5 Nxe5 31. Bxf8 Kxf8 32. Rd8# 1-0

[Event "21st European Teams Women"]
[Site "Hersonissos GRE"]
[Date "2017.11.05"]
[Round "8.14"]
[Board "4"]
[White "Barbier, Astrid"]
[Black "Vozinaki, Anthi - Maria"]
[Result "1/2-1/2"]
[WhiteElo "1815"]
[BlackElo "1989"]
[WhiteTeam "Belgium"]
[BlackTeam "Greece 2"]
[WhiteFideId "200395"]
[BlackFideId "4263898"]
[EventDate "2017.10.28"]

1. e4 c5 2. Nc3 a6 3. g4 b5 4. Bg2 Bb7 5. d3 e6 6. Nce2 Nc6 7. Ng3 Nge7 8. f4 d5
9. e5 b4 10. Nf3 Qc7 11. Bd2 a5 12. O-O Ng6 13. Nh5 Ba6 14. Re1 Nd4 15. Nxd4
cxd4 16. Re2 Rg8 17. Be1 Bc5 18. Bg3 Nf8 19. Qd2 Bb7 20. Rf1 O-O-O 21. Bf2 Nd7
22. Rc1 Kb8 23. Be1 g6 24. Ng3 g5 25. f5 Nxe5 26. h3 Rde8 27. Nh5 Nd7 28. fxe6
Rxe6 29. Bg3 Bd6 30. Bxd6 Qxd6 31. Rf1 Rge8 32. Ref2 R6e7 33. Rxf7 Qe5 34. R7f5
Qe2 35. Qxe2 Rxe2 36. R1f2 Re1+ 37. Rf1 R1e2 38. R1f2 Re1+ 39. Rf1 R1e2 40. R1f2
Re1+ 1/2-1/2

[Event "21st European Teams Women"]
[Site "Hersonissos GRE"]
[Date "2017.11.05"]
[Round "8.15"]
[Board "1"]
[White "Nazarova, Anastasia"]
[Black "Stojkovska, Monika"]
[Result "0-1"]
[WhiteTitle "WCM"]
[BlackTitle "WFM"]
[WhiteElo "1997"]
[BlackElo "2088"]
[WhiteTeam "Finland"]
[BlackTeam "FYROM"]
[WhiteFideId "34101737"]
[BlackFideId "15002594"]
[EventDate "2017.10.28"]

1. e4 e6 2. d4 d5 3. Nd2 Nf6 4. e5 Nfd7 5. c3 c5 6. Bd3 b6 7. Qe2 cxd4 8. cxd4
Nc6 9. Qe3 Nb4 10. Bb1 Ba6 11. Ne2 Rc8 12. Nc3 Qc7 13. Nf3 Qc4 14. a3 Nd3+ 15.
Bxd3 Qxd3 16. Qxd3 Bxd3 17. Be3 b5 18. Kd2 Bg6 19. Rhc1 Nb6 20. b3 a6 21. Ne1
Kd7 22. Nd3 Bxd3 23. Kxd3 Be7 24. Nd1 f6 25. exf6 gxf6 26. f4 Rhg8 27. Rxc8 Nxc8
28. g3 h5 29. Bf2 Nd6 30. Be1 Ne4 31. a4 b4 32. f5 Rc8 33. fxe6+ Kxe6 34. Ne3 f5
35. Ng2 Bd6 36. Bd2 Nf2+ 37. Ke2 Ng4 38. Rc1 Rxc1 39. Bxc1 Nxh2 40. Bf4 Be7 41.
Bc7 Kd7 42. Bb8 Bg5 43. Bf4 Bf6 44. Be3 Ng4 45. Nf4 Bg5 46. Nxd5 Bxe3 47. Nxe3
Nxe3 48. Kxe3 Kd6 49. Kf4 Kd5 50. Ke3 a5 51. Kd3 f4 52. gxf4 h4 53. Ke3 h3 54.
Kf3 Kxd4 55. Kg3 Ke4 56. Kxh3 Kxf4 57. Kg2 Ke3 58. Kf1 Kd3 59. Ke1 Kc3 60. Kd1
Kxb3 0-1

[Event "21st European Teams Women"]
[Site "Hersonissos GRE"]
[Date "2017.11.05"]
[Round "8.15"]
[Board "2"]
[White "Nikolovska, Dragana"]
[Black "Dannenberg, Alia"]
[Result "1-0"]
[WhiteElo "1854"]
[BlackElo "1975"]
[WhiteTeam "FYROM"]
[BlackTeam "Finland"]
[WhiteFideId "15000133"]
[BlackFideId "504688"]
[EventDate "2017.10.28"]

1. e4 d5 2. exd5 Qxd5 3. Nf3 Bg4 4. Be2 Nc6 5. d4 O-O-O 6. Be3 e5 7. c4 Qa5+ 8.
Bd2 Bb4 9. d5 Bxf3 10. Bxf3 Bxd2+ 11. Nxd2 Nd4 12. O-O Nxf3+ 13. Nxf3 f6 14. a3
Qa6 15. Qc2 Ne7 16. b4 b5 17. cxb5 Qxb5 18. Rac1 Nxd5 19. Rfd1 Rd7 20. a4 Qb7
21. b5 g6 22. Qb3 Rhd8 23. Rc6 Rd6 24. Rdc1 Rxc6 25. Rxc6 Rd6 26. Rc5 Kd7 27. h3
Ne7 28. Qc2 Rd5 29. Rc4 Qb6 30. Nd2 f5 31. Rc3 e4 32. Nc4 Qd4 33. Ne3 Rd6 34.
Rxc7+ Ke6 35. Qb3+ Kf6 36. a5 f4 37. Ng4+ Kg5 38. Rxe7 h5 39. Re5+ Kh4 40. g3+
Kxh3 41. gxf4+ Qd3 42. Qxd3+ exd3 43. Ne3 d2 44. Nd1 Kg4 45. Re3 Kxf4 46. Rb3
Re6 47. Re3 Rd6 48. Kg2 Rd5 49. Rf3+ Ke5 50. Rb3 Kd6 51. b6 Rg5+ 52. Kh2 axb6
53. axb6 Re5 54. b7 1-0

[Event "21st European Teams Women"]
[Site "Hersonissos GRE"]
[Date "2017.11.05"]
[Round "8.15"]
[Board "3"]
[White "Puuska, Heini"]
[Black "Bejatovic, Bojana"]
[Result "1/2-1/2"]
[WhiteTitle "WFM"]
[WhiteElo "1947"]
[BlackElo "2035"]
[WhiteTeam "Finland"]
[BlackTeam "FYROM"]
[WhiteFideId "502324"]
[BlackFideId "15000141"]
[EventDate "2017.10.28"]

1. d4 d5 2. c4 c6 3. cxd5 cxd5 4. Nc3 Nf6 5. Nf3 Nc6 6. g3 a6 7. Bg2 Bg4 8. Ne5
Bf5 9. O-O e6 10. Nxc6 bxc6 11. Na4 Bd6 12. Bg5 O-O 13. Rc1 Rc8 14. Nc5 Bxc5 15.
Rxc5 Qb6 16. Bxf6 gxf6 17. Qd2 e5 18. Rfc1 Rfe8 19. dxe5 fxe5 20. Qg5+ Bg6 21.
b3 e4 22. h4 Qd8 23. Qxd8 Rcxd8 24. e3 d4 25. exd4 Rxd4 26. Rxc6 Rd2 27. Rc8
Rxc8 28. Rxc8+ Kg7 29. Rc5 Rxa2 30. h5 e3 31. fxe3 Bc2 32. Bd5 Bd1 33. Bc4 Rb2
34. Rf5 f6 35. Bxa6 Rxb3 36. Kf2 Rb2+ 37. Ke1 Bg4 38. Rf4 Bxh5 39. g4 Bg6 1/2-1/2

[Event "21st European Teams Women"]
[Site "Hersonissos GRE"]
[Date "2017.11.05"]
[Round "8.15"]
[Board "4"]
[White "Koskoska, Gabriela"]
[Black "Rinne, Heini"]
[Result "1-0"]
[WhiteTitle "WIM"]
[WhiteElo "2018"]
[BlackElo "1765"]
[WhiteTeam "FYROM"]
[BlackTeam "Finland"]
[WhiteFideId "15000630"]
[BlackFideId "513423"]
[EventDate "2017.10.28"]

1. e4 c6 2. d4 d5 3. exd5 cxd5 4. Bd3 Nc6 5. c3 Qc7 6. h3 Nf6 7. Nf3 g6 8. O-O
Bg7 9. Na3 a6 10. Nc2 Bf5 11. Bxf5 gxf5 12. Nh4 e6 13. Qf3 Ne4 14. Re1 O-O 15.
Bf4 Qd8 16. Qh5 b5 17. a3 a5 18. Ne3 Ne7 19. Qe2 Nc6 20. g3 b4 21. axb4 axb4 22.
Rxa8 Qxa8 23. Nhxf5 exf5 24. Nxf5 f6 25. Qg4 Qb7 26. Nxg7 Qxg7 27. Qe6+ Qf7 28.
Qxc6 bxc3 29. bxc3 Qh5 30. c4 Qf3 31. Qxd5+ 1-0

[Event "21st European Teams Women"]
[Site "Hersonissos GRE"]
[Date "2017.11.05"]
[Round "8.16"]
[Board "1"]
[White "Repkova, Eva"]
[Black "Stojanovic, Marija R"]
[Result "1/2-1/2"]
[WhiteTitle "IM"]
[BlackTitle "WIM"]
[WhiteElo "2323"]
[BlackElo "2102"]
[WhiteTeam "Slovakia"]
[BlackTeam "Montenegro"]
[WhiteFideId "14900440"]
[BlackFideId "931411"]
[EventDate "2017.10.28"]

1. e4 c5 2. Nf3 d6 3. Bc4 Nc6 4. O-O Nf6 5. d3 e6 6. Bb3 d5 7. Nbd2 Be7 8. Re1
O-O 9. c3 b5 10. e5 Nd7 11. Qe2 a5 12. d4 Qb6 13. Qe3 a4 14. Bc2 b4 15. Ng5 Bxg5
16. Qxg5 cxd4 17. Nf3 f5 18. Qh4 bxc3 19. bxc3 Nc5 20. Nxd4 Ne4 21. Be3 Nxd4 22.
Bxd4 Qb2 23. Rec1 h6 24. Qh3 Bd7 25. Qd3 Rfc8 26. Bd1 Bb5 27. Qe3 Bc4 28. f3 Ng5
29. Rcb1 Qa3 30. Rb4 Rcb8 31. Bb6 Ra6 32. Qd4 Raxb6 33. Rxb6 Rxb6 34. Qxb6 Qxc3
35. h4 Qxa1 36. hxg5 Qxd1+ 37. Kh2 hxg5 38. Qxe6+ Kh7 1/2-1/2

[Event "21st European Teams Women"]
[Site "Hersonissos GRE"]
[Date "2017.11.05"]
[Round "8.16"]
[Board "2"]
[White "Koljevic, Nikolina"]
[Black "Cibickova, Zuzana"]
[Result "0-1"]
[BlackTitle "WGM"]
[WhiteElo "1837"]
[BlackElo "2290"]
[WhiteTeam "Montenegro"]
[BlackTeam "Slovakia"]
[WhiteFideId "16503945"]
[BlackFideId "14905779"]
[EventDate "2017.10.28"]

1. e4 e5 2. Nf3 Nc6 3. d4 exd4 4. Nxd4 Nf6 5. Nxc6 bxc6 6. e5 Qe7 7. Qe2 Nd5 8.
Nd2 g6 9. Nf3 Bg7 10. c4 Nb6 11. Bg5 Qb4+ 12. Qd2 a5 13. O-O-O Ba6 14. Qxb4 axb4
15. b3 Bb7 16. Kb1 c5 17. Bd3 Ra5 18. Rhe1 O-O 19. Be4 Bxe4+ 20. Rxe4 Re8 21.
Rde1 h6 22. Bf4 Ra7 23. h4 Bf8 24. Nh2 Rea8 25. R4e2 h5 26. g4 d5 27. exd6 Bxd6
28. Re8+ Kg7 29. Be5+ f6 30. Rxa8 Nxa8 31. Bg3 Nb6 32. gxh5 gxh5 33. Rd1 Bxg3
34. Rg1 Ra8 35. Rxg3+ Kf7 36. Rd3 Rg8 37. Nf3 Rg2 38. Rd2 Ke6 39. Kc2 Kf5 40.
Ne1 Rh2 41. Nf3 Rh3 42. Rd3 Kg4 43. Ng1 Rxd3 44. Kxd3 Kxh4 45. Ke4 Kg4 46. Ne2
h4 47. f3+ Kg5 48. Ng1 c6 49. Nh3+ Kg6 50. Nf4+ Kf7 51. Nh3 Nd7 52. Nf4 Ne5 53.
Nh3 Kg6 54. Nf4+ Kh6 55. Nh3 Nf7 56. Nf2 Ng5+ 57. Kf4 Kh5 58. Ng4 Kg6 59. Nf2 f5
60. Nh1 Kf6 61. Nf2 Ne6+ 62. Ke3 Ke5 63. Nh3 f4+ 64. Kd3 Nd4 65. Ng1 Kf5 66. Kd2
Ne6 67. Nh3 Ng5 68. Nf2 Nxf3+ 69. Ke2 Ng5 0-1

[Event "21st European Teams Women"]
[Site "Hersonissos GRE"]
[Date "2017.11.05"]
[Round "8.16"]
[Board "3"]
[White "Vrbova, Niki"]
[Black "Delevic, Nina"]
[Result "1-0"]
[WhiteTitle "WFM"]
[WhiteElo "2188"]
[BlackElo "1745"]
[WhiteTeam "Slovakia"]
[BlackTeam "Montenegro"]
[WhiteFideId "14906341"]
[BlackFideId "939650"]
[EventDate "2017.10.28"]

1. e4 d6 2. d4 Nf6 3. Nc3 g6 4. Be3 Bg7 5. Qd2 Nbd7 6. f3 e5 7. O-O-O O-O 8. g4
exd4 9. Bxd4 Re8 10. h4 Ne5 11. Be2 h5 12. g5 Nh7 13. f4 Ng4 14. Nh3 Nf8 15.
Bxg7 Kxg7 16. Qd4+ Kg8 17. Nd5 c6 18. Nc3 Ne6 19. Qd2 Nc5 20. Bf3 Be6 21. f5
gxf5 22. Nf4 Ne5 23. Be2 fxe4 24. Nxh5 Ncd7 25. Nxe4 Bd5 26. Nef6+ Kf8 27. Rhf1
Re6 28. Nxd5 cxd5 29. Nf4 Re7 30. Nxd5 Re8 31. g6 f6 32. Qh6+ 1-0

[Event "21st European Teams Women"]
[Site "Hersonissos GRE"]
[Date "2017.11.05"]
[Round "8.16"]
[Board "4"]
[White "Rakic, Tijana"]
[Black "Motycakova, Monika"]
[Result "0-1"]
[BlackTitle "WFM"]
[WhiteElo "1508"]
[BlackElo "2143"]
[WhiteTeam "Montenegro"]
[BlackTeam "Slovakia"]
[WhiteFideId "16504194"]
[BlackFideId "14909626"]
[EventDate "2017.10.28"]

1. e4 e5 2. Nf3 Nc6 3. d4 exd4 4. Nxd4 Bc5 5. Nb3 Bb4+ 6. c3 Be7 7. Be3 Nf6 8.
N1d2 d5 9. Qc2 dxe4 10. Bb5 Qd5 11. Nd4 Bd7 12. c4 Nxd4 13. Qa4 Bxb5 14. cxb5
Nxb5 0-1